Διδαχαί οσίων Πατέρων της Εκκλησίας
Αποθηκεύτηκε σε:
| Άλλοι συγγραφείς: | |
|---|---|
| Μορφή: | Βιβλίο |
| Γλώσσα: | Greek |
| Δημοσίευση: |
Αθήναι :
[Αστήρ],
1954
|
| Θέματα: | |
| Ετικέτες: |
Προσθήκη ετικέτας
Δεν υπάρχουν, Καταχωρήστε ετικέτα πρώτοι!
|
MARC
| LEADER | 00000cam a2200000 i 4500 | ||
|---|---|---|---|
| 001 | 1/96762 | ||
| 008 | 081106s1954 gre d | ||
| 035 | |l 10101463 | ||
| 040 | |a GR-MY-UA |b gre |e aacr | ||
| 041 | 0 | |a gre | |
| 082 | 0 | |a 252.6 |2 (22) | |
| 245 | 1 | 0 | |a Διδαχαί οσίων Πατέρων της Εκκλησίας / |c κατά μετάφρασιν αρχιμ. Χρυσοστόμου Μουστάκα |
| 260 | |a Αθήναι : |b [Αστήρ], |c 1954 | ||
| 300 | |a 122 σ.; |c 21 εκ. | ||
| 610 | 2 | 0 | |a Orthodox Eastern Church |x Sermons. |
| 650 | 0 | 0 | |a Fathers of the church, Greek. |
| 650 | 0 | 0 | |a Catechetical sermons. |
| 650 | 0 | 0 | |a Biblical teaching. |
| 700 | 1 | |a Μουστάκας, Χρυσόστομος. |4 trl | |
| 852 | |a INST |b RHODES |c AKA |e 20081106 |h 252.6 ΔΙΔ |p 005400031134 |q 005400031134 |t BK |y 0 | ||
| 901 | |a BIBL4-2008-3 | ||
| 909 | |a Ρ |b 153573 | ||
| 970 | |a ΧΑΡΙΟΠΟΛΙΤΟΥ |b ΚΩΝΣΤΑΝΤΙΝΑ |z 2008/11/06 | ||